Gracie Abrams - Difficult (Lyrics) - Statistics

General Stats
  • This quiz has been taken 299 times
  • The average score is 240 of 313
Answer Stats
Answer % Correct
I
99%
a
95%
feel
93%
Is
93%
is
93%
know
93%
difficult,
91%
difficult?
91%
difficult
91%
Difficult
91%
he
91%
My
91%
my
91%
so
91%
Oh,
89%
oh,
89%
that
88%
be
87%
it
87%
no
87%
to
87%
To
87%
to?
87%
Why
87%
go
86%
and
85%
And
85%
I'm
85%
I'm
85%
just
85%
every
84%
home
84%
back
83%
does
83%
should
83%
miserable
82%
Spiraling
82%
me,
81%
some
81%
double
80%
everything
80%
vision
80%
isn't
79%
one
79%
probably
79%
this
79%
but
77%
But
77%
only
77%
been
75%
I'll
75%
It's
75%
it's
75%
parents
75%
think
75%
I've
74%
knows
74%
guess
73%
hope
73%
If
73%
invisible
73%
up
73%
we
73%
out
72%
someone
72%
I'd
71%
of
71%
wake
71%
you
70%
listen
69%
year,
69%
condition,
68%
her
68%
move
68%
slipping
68%
terrible
68%
amplifying
67%
thinking
67%
death,
65%
missing,
65%
missing
65%
'Til
64%
bored
63%
fault,
63%
feeling
63%
scared
63%
something
63%
less
62%
attached
61%
call
61%
commitment
61%
one's
61%
name
61%
really
61%
weekend,
61%
when
60%
therapist,
59%
Would
58%
would
58%
sometimes
57%
there's
57%
where
57%
Away
55%
take
55%
kind
54%
hundred
53%
too
53%
were
53%
years,
53%
did
52%
speaking
52%
tell
51%
thousand
51%
said
50%
run
49%
also,
48%
bad
48%
drinking
48%
staying
48%
'Cause
47%
fell
47%
How
47%
how
47%
Was
47%
late,
46%
what
46%
blue?
45%
left
45%
things
45%
through
45%
hated
43%
meant
43%
colored
41%
decisions
41%
grieving
40%
over
39%
reliving
39%
fix
37%
never
37%
had,
35%
here
33%
thought
33%
ranting
27%
eventually,
24%
No matching quizzes found
Score Distribution
Percent of People with Each Score
Percentile by Number Answered
Your Score History
You have not taken this quiz